| 000 | | | 03784nac2a22002891x 450 |
| 001 | | | 59cb7429-5b4a-4033-90c5-45040978fe1b |
| 005 | | | 20130830200238.0 |
| 100 | ## | $a | 20130731l1911 k y0rusy50 ca |
| 101 | 0# | $a | rus |
| 102 | ## | $a | RU |
| 105 | ## | $a | y z ||||| |
| 200 | 1# | $a | Ермолинский |
| | $j | 1911 |
| 215 | ## | $a | 2 листа |
| 251 | ## | $c | Дело |
| 300 | ## | $a | Заголовок дела на папке осутствует |
| 300 | ## | $a | Заголовок дела на последнем листе: От Ермолинского |
| 300 | ## | $a | 2 телеграммы |
| 300 | ## | $a | Рукописный и машинописный текст |
| 330 | ## | $a | А. Переписка; II. Телеграммы к Б. В. Никольскому |
| 461 | #0 | $1 | 0011c5950b4-9b17-43ad-92f1-e565a07ae223 |
| | $1 | 2001 |
| | $a | Никольский Борис Владимирович, историк права, профессор Юрьевского и Петербургского университетов, один из руководителей главного совета "Русского собрания", поэт, критик |
| | $1 | 251 |
| | $c | Фонд |
| | $1 | 852 |
| | $j | 588 |
| 462 | #0 | $1 | 001855f2cb0-80f8-42f6-88fa-41bf4837b2b7 |
| | $1 | 2001 |
| | $a | Никольский Борис Владимирович. 1837-1919 гг. |
| | $1 | 251 |
| | $c | Опись |
| | $1 | 852 |
| | $j | 1 |
| 517 | ## | $a | От Ермолинского |
| 600 | #1 | $a | Никольский |
| | $b | Б. В. |
| | $g | Борис Владимирович |
| 600 | #1 | $a | Ермолинский |
| 801 | #0 | $a | RU |
| | $b | GA_RF |
| 801 | #1 | $a | RU |
| | $b | НПО Опыт |
| | $c | 20130731 |
| | $2 | rusmarc |
| 801 | #2 | $a | RU |
| | $b | ПБ им. Б.Н. Ельцина |
| | $c | 20130830 |
| | $g | RCR |
| | $2 | rusmarc |
| 852 | ## | $a | ГА РФ |
| | $j | 978 |
| 937 | ## | $d | 31158431 |
| | $h | ПБ |
| 035 | ## | $a | RuPRLIB51010237 |